A reader in preservation and conservation / (Record no. 152201)

MARC details
000 -LEADER
fixed length control field 00855nam a2200241 a 4500
008 - FIXED-LENGTH DATA ELEMENTS--GENERAL INFORMATION
fixed length control field
020 ## - INTERNATIONAL STANDARD BOOK NUMBER
International Standard Book Number 3598218176 (cased)
049 ## - LOCAL HOLDINGS (OCLC)
Holding library MAIN
090 ## - LOCALLY ASSIGNED LC-TYPE CALL NUMBER (OCLC); LOCAL CALL NUMBER (RLIN)
Classification number (OCLC) (R) ; Classification number, CALL (RLIN) (NR) Z700
Local cutter number (OCLC) ; Book number/undivided call number, CALL (RLIN) REA
003 - CONTROL NUMBER IDENTIFIER
control field
005 - DATE AND TIME OF LATEST TRANSACTION
control field 20230123133639.0
040 ## - CATALOGING SOURCE
Transcribing agency NUST
245 02 - TITLE STATEMENT
Title A reader in preservation and conservation /
Statement of responsibility, etc. compiled and edited by Ralph W. Manning and Virginie Kremp under the auspices of the IFLA Section on Preservation and Conservation.
260 ## - PUBLICATION, DISTRIBUTION, ETC.
Place of publication, distribution, etc. M�unchen :
Name of publisher, distributor, etc. K.G. Saur,
Date of publication, distribution, etc. 2000.
300 ## - PHYSICAL DESCRIPTION
Extent viii, 157 p. ;
Dimensions 22 cm.
440 #0 - SERIES STATEMENT/ADDED ENTRY--TITLE
Title IFLA publications ;
Volume/sequential designation 91.
650 #0 - SUBJECT ADDED ENTRY--TOPICAL TERM
Topical term or geographic name entry element Library materials
General subdivision Selection for preservation.
650 #0 - SUBJECT ADDED ENTRY--TOPICAL TERM
Topical term or geographic name entry element Archival materials
General subdivision Conservation and restoration.
700 1# - ADDED ENTRY--PERSONAL NAME
Personal name Manning, Ralph W.
700 1# - ADDED ENTRY--PERSONAL NAME
Personal name Kremp, Virginie.
907 ## - LOCAL DATA ELEMENT G, LDG (RLIN)
a .b10113903
b 20-04-12
c 09-03-04
942 ## - ADDED ENTRY ELEMENTS (KOHA)
Koha item type Ordinary Loan Books
Call number prefix Z700
Call number suffix REA
Holdings
Date last seen Total Checkouts Full call number Barcode Cost, replacement price Price effective from Koha item type Lost status Source of classification or shelving scheme Damaged status Not for loan Collection Withdrawn status Home library Current library Shelving location Date acquired Cost, normal purchase price
01/23/2023 39 Z700 REA 92003020279 80.00 01/23/2023 BOOKS   LCC     NFIC   MAIN MAIN GEN 01/23/2023 80.00